Представление документа в формате RUSMARC

ПолеНазваниеЗначение
  Тип записи i
  Библиографический уровень m
001 Контрольный номер 936e8f365dd74b8ca25069bd6a4ac270
005 Дата корректировки 20211217162022.3
010 Индекс ISBN __
b Уточнения в кор.
d Цена 411-00
100 Данные общей обработки __
a Данные общей обработки 19171019d2016||||||| 0rusy0189 ca
101 Язык документа 1_
a Язык текста rus
c Язык оригинала eng
102 Страна публикации __
a Страна публикации RU
125 Кодированные данные звукозаписи и нотных изданий __
b Определитель литературного текста с
126 Кодированные данные (звукозаписи-физические характеристики) __
a Кодированные данные звукозаписи (общие) аgbхhхх сd
127 Кодированные данные (звукозаписи-физические характеристики) __
a Продолжительность проигрывания 0842##
135 Кодированные данные (электронные ресурсы) __
a Кодированные данные (электронные ресурсы) hongannnauuuu
139 Кодированные данные (электронные ресурсы) __
a Кодированные данные (электронные ресурсы) сaz
181 Поле кодированных данных: вид содержания _0
a Код вида содержания (ISBD) h
182 Поле кодированных данных: тип средства _0
a Код типа средства (ISBD) a
200 Заглавие и сведения об ответственности 1_
a Заглавие Сирены Титана
e Сведения, относящиеся к заглавию аудиокнига
f Первые сведения об ответственности Курт Воннегут ; исполняет: Сергей Чонишвили ; перевод: Ковалева М. Н. ; продюсер: Владимир Воробьев
203 Вид содержания и тип средства __
a Вид содержания Устная речь
c Тип средства аудио
210 Выходные данные 1_
a Место издания Москва
c Издательство Союз
c Издательство Воробьев В. А.
c Издательство Покидышевъ и сыновья
d Дата издания 2016
215 Физическое описание __
a Объем 1 электрон. опт. диск (CD-ROM) (8 ч. 42 мин.)
d Формат 12 см
c Иллюстрации/тип воспроизводства зв.
225 Серия 2_
a Серия Книга вслух
300 Общие примечания __
a Общие примечания Данные в формате MP3
300 Общие примечания __
a Общие примечания Заглавие с этикетки диска
330 Аннотация __
a Аннотация Роман "Сирены Титана" насквозь пропитан черным юмором и абсурдом. Это едва ли не самая фантастическая книга Воннегута, отправившего ее главного героя, Малаки Константа, в космическое путешествие на Титан. По ходу блестяще закрученного сюжета Воннегут умудряется объяснить смысл человеческого существования, так ничего и не объяснив. Послушайте этот роман, побалуйте собственный интеллект!
333 Примечание о целевом назначении __
a Примечание о целевом назначении 16+. Для детей старше 16 лет
337 Примечание о системных требованиях (электронные ресурсы) __
a Примечание о системных требованиях (электронные ресурсы) Системные требования: персональный компьютер ; MS Windows 95/98/2000/XP/Vista/7/8/10 ; Pentium 100 ; ОЗУ 16 Мб ; монитор SVGA, 800x600 ; устройство чтения CD/DVD-ROM ; звуковая карта ; колонки или наушники ; мышь
454 Оригинал _0
1 2001
a The Sirens of Titan
1 700 1
a Vonnegut
b K.
g Kurt Jr.
606 Тематические рубрики __
a Основная рубрика Художественная литература
606 Тематические рубрики __
a Основная рубрика Литература Америки (произведения)
y Географическая подрубрика США
610 Ключевые слова 0_
a Ключевые слова американская литература
610 Ключевые слова 0_
a Ключевые слова романы
610 Ключевые слова 0_
a Ключевые слова фантастика
610 Ключевые слова 0_
a Ключевые слова фантастические романы
610 Ключевые слова 0_
a Ключевые слова американская фантастика
610 Ключевые слова 0_
a Ключевые слова научная фантастика
610 Ключевые слова 0_
a Ключевые слова тема будущего
610 Ключевые слова 0_
a Ключевые слова тема Марса
610 Ключевые слова 0_
a Ключевые слова тема космических путешествий
610 Ключевые слова 0_
a Ключевые слова космическая фантастика
610 Ключевые слова 0_
a Ключевые слова философские романы
610 Ключевые слова 0_
a Ключевые слова тема жизненных ценностей
610 Ключевые слова 0_
a Ключевые слова тема смысла жизни
610 Ключевые слова 0_
a Ключевые слова тема морали
610 Ключевые слова 0_
a Ключевые слова тема религии
610 Ключевые слова 0_
a Ключевые слова тема человеческих ценностей
686 Индексы других классификаций __
2 Код системы rubbks
a Классификационный индекс 84(7Сое)6-445я04; ст84(7Сое)-445я0
700 Автор _1
a Фамилия Воннегут
b Имя К.
f Даты 1922-2007
g Полное личное имя Курт
4 Код отношения 070
702 Вторичная интеллектуальная ответственность _1
a Фамилия Ковалева
b Имя М. Н.
4 Код отношения 730
f Даты 1933-
g Полное личное имя Маргарита Николаевна
702 Вторичная интеллектуальная ответственность _1
a Фамилия Чонишвили
b Имя С. Н.
f Даты 1965-
g Полное личное имя Сергей Ножериевич
4 Код отношения 590
702 Вторичная интеллектуальная ответственность _1
a Фамилия Воробьев
b Имя В.
g Полное личное имя Владимир
4 Код отношения 665
801 Источник записи _0
a Страна RU
b Организация Муниципальное бюджетное учреждение культуры "Централизованная библиотечная система" г. Сургут (Центральная городская библиотека им. А. С. Пушкина)
c Дата составления 20210208
g Правила каталогизации PSBO
801 Источник записи _1
a Страна RU
b Организация Муниципальное бюджетное учреждение культуры "Централизованная библиотечная система" г. Сургут (Центральная городская библиотека им. А. С. Пушкина)
c Дата составления 20210208
g Правила каталогизации PSBO
852 Данные о местонахождении __
j Шифр хранения 84(7Сое)6-445я04
i Авторский знак В 73
900 Макрообъекты __
a Макрообъекты Сирены Титана, К. Воннегут, 2016 г. (эл. ресурс). Читает С. Чонишвили
901 Тип документа __
t Тип документа 0
a Ответственный КиК/Мамарузиева
903 Характеристики (МАРС) __
a Дата передачи 20210208
c Наименование библиотеки (МАРС) Муниципальное бюджетное учреждение культуры "Централизованная библиотечная система" г. Сургут (Центральная городская библиотека им. А. С. Пушкина)
969 Тип издания __
a Тип издания аудиокнига
a Тип издания издание для слепых
990 Данные о заказе (DOS) __
j Количество экземпляров (DOS) 3
t N записи в КСУ для И/У (DOS) 202102